El Terror de la indiferencia (segunda parte)

Guardat en:
Dades bibliogràfiques
Format: Text
Matèries:
Etiquetes: Afegir etiqueta
Sense etiquetes, Sigues el primer a etiquetar aquest registre!

MARC

LEADER 00000 a a2200000 04500
001 5807
003
040
245 |a El Terror de la indiferencia (segunda parte)  
650 |a VIOLENCIA  
650 |a SISTEMA JUDICIAL  
650 |a RECURSOS HUMANOS  
650 |a PRESUPUESTO  
650 |a ADMINISTRACION  
773 |g volumen 14, número 590; páginas 12-15  
999 |c 25533  |d 25533